EA Sports NHL Covers - Statistics

General Stats
  • This quiz has been taken 216 times
    99 since last reset
  • The average score is 20 of 40
Answer Stats
Team Game Answer % Correct
Toronto Maple Leafs NHL 20 Auston Matthews
92%
Toronto Maple Leafs NHL 22 Auston Matthews
92%
Edmonton Oilers NHL 18 Connor McDavid
92%
Washington Capitals NHL 07 Alexander Ovechkin
90%
Washington Capitals NHL 21 Alex Ovechkin
89%
Chicago Blackhawks NHL 10 Patrick Kane
87%
Colorado Avalanche NHL 24 Cale Makar
85%
Tampa Bay Lightning NHL 12 Steven Stamkos
82%
Edmonton Oilers NHL Slapshot (Wii) Wayne Gretzky
82%
Chicago Blackhawks NHL 11 Johnathan Toews
80%
Chicago Blackhawks NHL 16 Johnathan Toews
80%
Nashville Predators NHL 19 P.K Subban
80%
Anaheim Ducks NHL 23 Trevor Zegras
78%
New Jersey Devils NHL 14 Martin Brodeur
72%
Boston Bruins NHL 15 Patrice Bergeron
70%
Toronto (PWHPA) NHL 23 Sarah Nurse
66%
Philadelphia Flyers NHL 13 Claude Giroux
63%
St. Louis Blues NHL 17 Vladimir Tarasenko
63%
Pittsburgh Penguins NHL 2002 Mario Lemieux
62%
Colorado Avalanche NHL 2004 Joe Sakic
59%
Calgary Flames NHL 2003 Jarome Iginla
54%
Carolina Hurricanes NHL 08 Eric Staal
42%
Colorado Avalanche NHL 98 Peter Forsberg
41%
Detroit Red Wings NHL 96 Steve Yzerman
35%
Tampa Bay Lightning NHL 06 Vincent Lecavalier
35%
Philadelphia Flyers NHL 99 Eric Lindros
34%
New Jersey Devils NHL 96 Scott Stevens
33%
Calgary Flames NHL 09 Dion Phaneuf
28%
Vancouver Canucks NHL 2005 Markus Naslund
25%
St. Louis Blues NHL 2000 Chris Pronger
20%
San Jose Sharks NHL 2001 Owen Nolan
20%
Philadelphia Flyers NHLPA Hockey '93 Rod Brind'Amour
20%
Florida Panthers NHL 97 John Vanbiesbrouck
15%
New York Rangers NHLPA Hockey '93 Mike Richter
15%
New York Rangers NHL 95 Alexei Kovalev
9%
Vancouver Canucks NHL 95 Kirk McLean
9%
Boston Bruins NHL 94 Andy Moog
8%
Los Angeles Kings NHL 94 Tomas Sandstrom
5%
Los Angeles Kings NHL Hockey (1991) Glenn Healy
3%
New York Rangers NHLPA Hockey '93 Randy Moller
3%
No matching quizzes found
Score Distribution
Percent of People with Each Score
Percentile by Number Answered
Your Score History
You have not taken this quiz since the last reset